Statistics for Israeli Football League Top 3

Click here to take the quiz!

General Stats

  • This quiz has been taken 106 times
  • The average score is 55 of 69

Answer Stats

YearWinnerRunners-upThird place% Correct
1990Bnei YehudaHapoel Petah TikvaMaccabi Haifa
100%
1970Maccabi Tel AvivHapoel Tel AvivMaccabi Haifa
100%
1992Maccabi Tel AvivBnei YehudaMaccabi Haifa
100%
1999Hapoel HaifaMaccabi Tel AvivMaccabi Haifa
100%
1958Maccabi Tel AvivHapoel Petah TikvaMaccabi Haifa
100%
1987Beitar JerusalemBnei YehudaMaccabi Tel Aviv
100%
1986Hapoel Tel AvivMaccabi HaifaMaccabi Tel Aviv
100%
1978Maccabi NetanyaBeitar JerusalemMaccabi Tel Aviv
100%
2002Maccabi HaifaHapoel Tel AvivMaccabi Tel Aviv
100%
2007Beitar JerusalemMaccabi NetanyaMaccabi Tel Aviv
100%
1959Hapoel Petah TikvaHapoel HaifaMaccabi Tel Aviv
100%
2010Hapoel Tel AvivMaccabi HaifaMaccabi Tel Aviv
100%
1957Hapoel Tel AvivHapoel Petah TikvaMaccabi Tel Aviv
100%
2011Maccabi HaifaHapoel Tel AvivMaccabi Tel Aviv
100%
1955Hapoel Petah TikvaHapoel Be'er ShevaHapoel Tel Aviv
97%
1984Maccabi HaifaBeitar JerusalemHapoel Tel Aviv
97%
1956Maccabi Tel AvivHapoel Petah TikvaHapoel Tel Aviv
97%
2013Maccabi Tel AvivMaccabi HaifaHapoel Tel Aviv
97%
1965Hakoah Ramat GanHapoel Petah TikvaHapoel Tel Aviv
97%
2003Maccabi Tel AvivMaccabi HaifaHapoel Tel Aviv
97%
1971Maccabi NetanyaShimshon Tel AvivHapoel Tel Aviv
97%
1974Maccabi NetanyaMaccabi Tel AvivBeitar Jerusalem
96%
1977Maccabi Tel AvivMaccabi JaffaBeitar Jerusalem
96%
1996Maccabi Tel AvivMaccabi HaifaBeitar Jerusalem
96%
2018Hapoel Be'er ShevaMaccabi Tel AvivBeitar Jerusalem
96%
2006Maccabi HaifaHapoel Tel AvivBeitar Jerusalem
96%
2016Hapoel Be'er ShevaMaccabi Tel AvivBeitar Jerusalem
96%
2017Hapoel Be'er ShevaMaccabi Tel AvivBeitar Jerusalem
96%
2009Maccabi HaifaHapoel Tel AvivBeitar Jerusalem
96%
1983Maccabi NetanyaShimshon Tel AvivHapoel Be'er Sheva
93%
2019Maccabi Tel AvivMaccabi HaifaHapoel Be'er Sheva
93%
1988Hapoel Tel AvivMaccabi NetanyaHapoel Be'er Sheva
93%
1994Maccabi HaifaMaccabi Tel AvivHapoel Be'er Sheva
93%
1995Maccabi Tel AvivMaccabi HaifaHapoel Be'er Sheva
93%
1997Beitar JerusalemHapoel Petah TikvaHapoel Be'er Sheva
93%
2015Maccabi Tel AvivIroni Kiryat ShmonaHapoel Be'er Sheva
93%
1976Hapoel Be'er ShevaBeitar JerusalemHapoel Haifa
83%
1960Hapoel Petah TikvaMaccabi Tel AvivHapoel Haifa
83%
1961Hapoel Petah TikvaHapoel Tel AvivHapoel Haifa
83%
1968Maccabi Tel AvivHapoel Petah TikvaHapoel Haifa
83%
1950Maccabi Tel AvivHapoel Tel AvivHapoel Haifa
83%
1975Hapoel Be'er ShevaMaccabi NetanyaHapoel Haifa
83%
2001Maccabi HaifaHapoel Tel AvivHapoel Haifa
83%
1998Beitar JerusalemHapoel Tel AvivHapoel Haifa
83%
1952Maccabi Tel AvivMaccabi Petah TikvaHapoel Haifa
83%
2004Maccabi HaifaMaccabi Tel AvivMaccabi Petah Tikva
76%
1989Maccabi HaifaHapoel Petah TikvaMaccabi Netanya
74%
1979Maccabi Tel AvivBeitar JerusalemMaccabi Netanya
74%
1969Hapoel Tel AvivMaccabi Tel AvivMaccabi Netanya
74%
1964Hapoel Ramat GanMaccabi JaffaHapoel Petah Tikva
73%
1966Hapoel Tel AvivMaccabi Tel AvivHapoel Petah Tikva
73%
2000Hapoel Tel AvivMaccabi HaifaHapoel Petah Tikva
73%
1954Maccabi Tel AvivMaccabi Petah TikvaHapoel Petah Tikva
73%
2012Ironi Kiryat ShmonaHapoel Tel AvivBnei Yehuda
67%
1982Hapoel Kfar SabaMaccabi NetanyaBnei Yehuda
67%
1993Beitar JerusalemMaccabi Tel AvivBnei Yehuda
67%
2008Beitar JerusalemMaccabi NetanyaIroni Kiryat Shmona
67%
2014Maccabi Tel AvivHapoel Be'er ShevaIroni Kiryat Shmona
67%
2005Maccabi HaifaMaccabi Petah TikvaF.C. Ashdod
60%
1973Hakoah Ramat GanHapoel Tel AvivHapoel Jerusalem
59%
Hapoel Ramat Gan
59%
Hapoel Kfar Saba
43%
1972Maccabi Tel AvivBeitar JerusalemHakoah Ramat Gan
26%
1991Maccabi HaifaHapoel Petah TikvaBeitar Tel Aviv
23%
1980Maccabi NetanyaHapoel Tel AvivShimshon Tel Aviv
19%
1985Maccabi HaifaBeitar JerusalemShimshon Tel Aviv
19%
1963Hapoel Petah TikvaHapoel Tel AvivMaccabi Jaffa
17%
1981Hapoel Tel AvivBnei YehudaMaccabi Jaffa
17%
1962Hapoel Petah TikvaMaccabi JaffaHapoel Tiberias
6%

Score Distribution

Percentile by Number Answered

Percent of People with Each Score

Your Score History

You have not taken this quiz